Quiz Ciné/Série par lettre - H - Statistiques

Statistiques générales
  • Ce quiz a été pris 87 fois
  • Le résultat moyen est 10 sur 20
Statistiques - réponses
Questions Réponses % Correct
Auteur du livre "Les Misérables" adapté 16 fois au cinéma Victor Hugo
89%
Lieu de naissance de Jackie Chan Hong Kong
79%
Célèbre criminel qui a un goût pour la chair humaine Hannibal Lecter
75%
Célèbre quartier du Walk of Fame Hollywood
74%
"Tu est un sorcier Harry" Hagrid
62%
Célèbre chanteur qui n'existe plus dans le film "Jean-Philippe" Johnny Hallyday
62%
Actrice vu dans "Interstellar" et "Le Diable s'habille en Prada" Anne Hathaway
56%
De Niro et Al Pacino s'affronte dans ce film de Michael Mann Heat
56%
Acteur qui incarne le personnage précédent à plusieurs reprises Anthony Hopkins
53%
Super-héros alcoolique joué par Will Smith Hancock
53%
Saga cinématographique adapté d’une trilogie de l’écrivaine Suzanne Collins Hunger Games
53%
Flic et beau-frère de Walter White dans "Breaking Bad" Hank
49%
Objet dans lequel on dissimule une partie de son âme Horcruxe
45%
Actrice française internationale et récompensée aux Césars pour son rôle dans le film de Paul Verhoven : "Elle" Isabelle Huppert
37%
Réalisateur des deux premiers OSS 117 Michel Hazanavicius
36%
Eric Bana dans "Troie" Hector
34%
Il est le Capitaine Crochet dans "Hook" Dustin Hoffman
30%
David Suchet ou bien Kenneth Branagh Hercule Poirot
27%
Réalisateur autrichien de "Funny Games" et de "Le Ruban Blanc" Michael Haneke
19%
Compositeur célèbre notamment remarqué pour Titanic et Avatar James Horner
16%
Aucun quiz correspondant
Distribution des résultats
% des personnes avec chaque résultat
Percentile par nombre de réponses
Votre historique - résultats
Vous n’avez pas pris ce quiz